Alameda : visión histórica y estética de la Alameda de la ciudad de México /

Biografía de la Alameda Central de la ciudad de México, el parque emblemático de la capital mexicana y espacio que es enfocado desde una doble perspectiva, histórica y estética. El recorrido parte desde su nacimiento en 1592, como proyecto y realización del virrey don Luis de Velasco hijo, hasta 194...

Celý popis

Uloženo v:
Podrobná bibliografie
Hlavní autor: Ugalde Gómez, Nadia (coord. editorial)
Další autoři: Sánchez Hernández, Américo (coordinación editorial) (coordinación editorial), Duarte, María Estela (coordinación editorial) (coordinación editorial), Estrada, Gerardo (presentación) (presentación)
Médium: Kniha
Jazyk:španělština
Vydáno: México : Instituto Nacional de Bellas Artes : Landucci, 2001, c2001
Témata:
Tagy: Přidat tag
Žádné tagy, Buďte první, kdo vytvoří štítek k tomuto záznamu!

MARC

LEADER 00000nam^a2200000^a^4500
001 000145430
005 20250526000000.0
009 20260310095835.992
020 |a 970-18-5389-X 
020 |a 968-5059-51-9 
037 |a Acervo ITESO - Biblioteca 
041 |a ESP 
082 |a 972. 532  |b UGA 
100 |a Ugalde Gómez, Nadia  |e (coord. editorial) 
245 1 0 |a Alameda :  |b visión histórica y estética de la Alameda de la ciudad de México /  |c Coord. editorial de N. Ugalde Gómez, A. Sánchez Hernández, M.E. Duarte ; presen. de G. Estrada. 
264 4 |a México :  |b Instituto Nacional de Bellas Artes :  |b Landucci,  |c 2001, c2001 
300 |a 287 p. ;  |c 34.5 cm. (gran formato) 
336 |a texto  |b txt  |2 rdacontenido 
337 |a sin mediación  |b n  |2 rdamedio 
338 |a volumen  |b nc  |2 rdasoporte 
520 |a Biografía de la Alameda Central de la ciudad de México, el parque emblemático de la capital mexicana y espacio que es enfocado desde una doble perspectiva, histórica y estética. El recorrido parte desde su nacimiento en 1592, como proyecto y realización del virrey don Luis de Velasco hijo, hasta 1947, cuando el artista Diego Rivera pinta el mural Sueño de una tarde dominical en la Alameda Central, cuyo contenido cronológico abarca desde la conquista española hasta la mitad del siglo XX. La Alameda ha sido testigo y escenario de numerosos sucesos políticos, sociales y culturales que han configurado la historia nacional, a la vez que motivo de inspiración de varios artistas, entre quienes se cuentan José María Velasco, José Guadalupe Posada, Leopoldo Méndez, Juan O'Gorman, Guillermo Kahlo y Hugo Brehme. La configuración de la Alameda y su entorno; su arbolado; el mural de Rivera; el rescate del Hotel del Prado y las condiciones y realidades sociales de esta zona urbana en el presente son abordadas -respectivamente- por el historiador Efraín Castro, la bióloga Lorena Martínez, la crítica de arte Raquel Tibol, el restaurador Tomás Zurían y el escritor Juan Carlos García. 
649 |a XX 
650 |a Parques Públicos y Alamedas -  |z México (Ciudad) -  |x Tema Principal 
650 |a Parques Públicos y Alamedas -  |z México (Ciudad) -  |x Historia 
650 |a Parques Públicos y Alamedas -  |z México -  |x Historia 
650 |a Parques Públicos y Alamedas en el Arte 
650 |a Arte Mexicano -  |x Historia y Crítica 
650 |a México (Ciudad) -  |x Descripción -  |x Tema Principal 
650 |a México (Ciudad) -  |x Historia 
650 |a México -  |x Historia 
700 |a Sánchez Hernández, Américo  |e (coordinación editorial) 
700 |a Duarte, María Estela  |e (coordinación editorial) 
700 |a Estrada, Gerardo  |e (presentación) 
910 |a Fondo General 
920 |a Impresos - Libros 
930 |a Libros Antiguos y Raros 
905 |a 108 
901 |a 0500074847  |b IT2  |c LRA  |u 20250526 
902 |a https://opac.biblio.iteso.mx/vufind/Record/000145430